World health statistics annual 1980 health personnel and hospital establishments
Saved in:
| Format: | Book |
|---|---|
| Language: | English French |
| Published: |
Genéve
World Health Organization
1980
|
| Tags: |
No Tags, Be the first to tag this record!
|
MARC
| LEADER | 00000nam a2200000 4500 | ||
|---|---|---|---|
| 001 | c141489 | ||
| 005 | 20211026102310.7 | ||
| 041 | 0 | |a eng | |
| 041 | 0 | |a fre | |
| 044 | |a CH | ||
| 245 | 1 | 0 | |a World health statistics annual 1980 |b health personnel and hospital establishments |
| 264 | 1 | |a Genéve |b World Health Organization |c 1980 | |
| 300 | |a 153 s. | ||